000 00451nam a22001817a 4500
003 NUST - PNEC
005 20170116181115.0
008 151004b xxu||||| |||| 00| 0 eng d
020 _a-
040 _cLIBRARY
082 _a627 PRI
100 _913120
_aPriyani, V. B
245 _aThe fundamental principles of hydraulics: VOL I
_cV. B. Priyani
250 _a1st ed.
260 _cc.1957
650 _913123
_aHydraulics
_xME
942 _2ddc
_cBK
999 _c69307
_d69307